Тайна бродячего цирка: пер. с англ.

Podrobná bibliografie
Hlavní autor: Блайтон Э. Энид
Další autoři: Винодарова Е. (иллюстратор)
Jazyk:ruština
Vydáno: Москва, Совершенно секретно, 1993
Edice:Детский детектив
Témata:
Médium: MixedMaterials Kniha
KOHA link:https://koha.lib.tpu.ru/cgi-bin/koha/opac-detail.pl?biblionumber=160051

MARC

LEADER 00000nam0a2200000 4500
001 160051
005 20231031155431.0
010 |a 5852750573 
020 |a RU  |b 94-966 
035 |a (RuTPU)RU\TPU\book\173571 
090 |a 160051 
100 |a 20090518d1993 d y0rusy5003 ca 
101 1 |a rus  |c eng 
102 |a RU 
105 |a a z 000ay 
200 1 |a Тайна бродячего цирка  |e пер. с англ.  |f Э. Блайтон  |g худож. Е. Винодарова 
210 |a Москва  |c Совершенно секретно  |d 1993 
215 |a 222,[2] с.  |c ил.  |d 21 см 
225 1 |a Детский детектив 
610 1 |a Детективные романы и рассказы 
610 1 |a детская литература 
675 |a 82  |z rus 
700 1 |a Блайтон  |b Э.  |g Энид  |4 070 
702 1 |a Винодарова  |b Е.  |4 440 
801 0 |a RU  |b RuMRKP  |c 19950413  |g psbo 
801 1 |a RU  |b 63413507  |c 20090518  |g PSBO 
801 2 |a RU  |b 63413507  |c 20090518  |g PSBO 
942 |c BK